[Event "AUTO-OPEN-519"]
[Site "http://www.queenalice.com/game.php?id=155057"]
[Date "2007.1.17"]
[Round "1"]
[White "Fugazeton"]
[Black "Cuti"]
[Result "0-1"]
[WhiteElo "1286"]
[BlackElo "1741"]

1. d4 Nf6 2. Nf3 c5 3. e3 d5 4. c4 e6 5. b3 Nc6 6. Bb2 cxd4 7. exd4 Bb4+ 8. Bc3
Bxc3+ 9. Nxc3 O-O 10. Be2 Qa5 11. Qd2 dxc4 12. Bxc4 b6 13. Bd3 h6 14. O-O Rd8
15. Rfd1 Nxd4 16. Qe3 Qxc3 17. Bh7+ Kxh7 18. Qxc3 Ne2+ 19. Kf1 Rxd1+ 20. Kxe2
Rxa1 21. Qxa1 Bb7 0-1

[Event "AUTO-OPEN-519"]
[Site "http://www.queenalice.com/game.php?id=155058"]
[Date "2007.1.17"]
[Round "1"]
[White "Cuti"]
[Black "Fugazeton"]
[Result "1-0"]
[WhiteElo "1739"]
[BlackElo "1286"]

1. e4 c5 2. c4 e5 3. Nf3 d6 4. h3 Nf6 5. d3 Nc6 6. Bg5 Be7 7. Be2 h6 8. Bxf6
Bxf6 9. Nc3 Nd4 10. Nxd4 cxd4 11. Nd5 Be6 12. Qa4+ Bd7 13. Qb4 O-O 14. Qxb7 Rb8
15. Nxf6+ gxf6 16. Qd5 Rxb2 17. O-O Rxe2 18. Qxd6 Be6 19. Qc5 Qd7 20. Rfe1 1-0

[Event "AUTO-OPEN-519"]
[Site "http://www.queenalice.com/game.php?id=155059"]
[Date "2007.1.17"]
[Round "1"]
[White "Fugazeton"]
[Black "ZERDAX"]
[Result "1-0"]
[WhiteElo "1371"]
[BlackElo "1151"]

1. d4 d5 2. c4 Be6 3. cxd5 Bxd5 4. Nc3 Nf6 5. e3 e6 6. Nf3 Bb4 7. Bd2 O-O 8. a3
Ba5 9. Nxd5 Bxd2+ 10. Nxd2 Qxd5 11. Qb3 Qxb3 12. Nxb3 Nc6 13. Bb5 Ne7 14. O-O c6
15. Be2 Ne4 16. f3 Nf6 17. Rab1 Ned5 18. e4 Nf4 19. Rfe1 Nxe2+ 20. Rxe2 Rfd8 21.
e5 Nd5 22. Nc5 b6 23. Ne4 Nf4 24. Rc2 Rxd4 25. Nd6 1-0

[Event "AUTO-OPEN-519"]
[Site "http://www.queenalice.com/game.php?id=155060"]
[Date "2007.1.17"]
[Round "1"]
[White "ZERDAX"]
[Black "Fugazeton"]
[Result "0-1"]
[WhiteElo "1151"]
[BlackElo "1335"]

1. e4 c5 2. Nf3 d6 3. Nc3 Nc6 4. Bc4 h6 5. O-O Bg4 6. h3 Bd7 7. d3 Na5 8. Bb3
Nxb3 9. axb3 Nf6 10. d4 cxd4 11. Nxd4 e5 12. Nf3 Be7 13. Nh2 Qc8 14. Be3 O-O 15.
f4 exf4 16. Bxf4 Bxh3 17. gxh3 Qxh3 18. Qf3 Qd7 19. Rad1 a5 20. Nd5 Nxd5 21.
Rxd5 Qc7 22. Bxh6 Bf6 23. Ng4 gxh6 24. Qxf6 Qb6+ 0-1

[Event "Challenge"]
[Site "http://www.queenalice.com/game.php?id=155143"]
[Date "2007.1.17"]
[Round "-"]
[White "mlvellozo"]
[Black "Fugazeton"]
[Result "1-0"]
[WhiteElo "1454"]
[BlackElo "1500"]

1. e4 c5 2. Nf3 d6 3. Bc4 h6 4. d3 e6 5. b3 a6 6. O-O b5 7. Bxe6 Bxe6 8. e5 d5
9. Qe2 Nc6 10. h3 f6 11. exf6 Qxf6 12. Re1 Kd7 13. c3 Re8 14. a4 b4 15. Bb2 Bf7
16. Qd2 Rxe1+ 17. Qxe1 Qe6 18. Qxe6+ Bxe6 19. Nh4 bxc3 20. Bxc3 d4 21. Ng6 dxc3
22. Nxc3 Rh7 23. Nxf8+ Ke7 24. Nxh7 g5 25. Re1 Kf7 26. Ne4 Kg7 27. Nxc5 Bc8 28.
Re8 1-0

[Event "Challenge"]
[Site "http://www.queenalice.com/game.php?id=155144"]
[Date "2007.1.17"]
[Round "-"]
[White "mlvellozo"]
[Black "Fugazeton"]
[Result "1-0"]
[WhiteElo "1522"]
[BlackElo "1389"]

1. e4 c5 2. Nc3 d6 3. Bc4 e6 4. a4 a6 5. Nf3 Nf6 6. O-O Be7 7. d3 Nc6 8. Ne2 Na5
9. e5 dxe5 10. Nxe5 O-O 11. Bf4 Nxc4 12. Nxc4 Nd5 13. Bd2 Bd7 14. Nc3 Nf6 15. a5
Nd5 16. Nxd5 exd5 17. Nb6 Rb8 18. Nxd5 Bc6 19. Nb6 Bd6 20. Qg4 Qf6 21. c3 Rbd8
22. Bg5 Qg6 23. f3 f6 24. Bh4 Qxg4 25. fxg4 g5 26. Bf2 Bc7 27. Bxc5 Bxb6 28.
axb6 Rfe8 29. Bd4 Rd6 30. Rf2 Rf8 31. Bc5 Rxd3 32. Bxf8 1-0

[Event "loko vs Fugazeton "]
[Site "http://www.queenalice.com/game.php?id=194912"]
[Date "2007.4.11"]
[Round "-"]
[White "loko"]
[Black "Fugazeton"]
[Result "1-0"]
[WhiteElo "2038"]
[BlackElo "1286"]

1. e4 c5 2. Nf3 e6 3. Bc4 a6 4. c3 b5 5. Bb3 c4 6. Bc2 Bb7 7. O-O Nc6 8. d4 g6
9. Re1 Bg7 10. d5 Nb8 11. a4 Ne7 12. axb5 axb5 13. Rxa8 Bxa8 14. Na3 O-O 15.
Nxb5 exd5 16. exd5 d6 17. Bg5 f6 18. Bf4 Nxd5 19. Bxd6 Kh8 20. Bxf8 Qxf8 21. Be4
Nb6 22. Bxa8 Nxa8 23. Qd5 Nb6 24. Qb7 1-0

[Event "Fugazeton vs loko"]
[Site "http://www.queenalice.com/game.php?id=194913"]
[Date "2007.4.11"]
[Round "-"]
[White "Fugazeton"]
[Black "loko"]
[Result "0-1"]
[WhiteElo "1286"]
[BlackElo "2036"]

1. d4 d5 2. Nf3 Bf5 3. Nc3 Nf6 4. e3 e6 5. Bd3 Bg4 6. Be2 Bb4 7. Bd2 Nc6 8. h3
Bxf3 9. Bxf3 O-O 10. a3 Bxc3 11. Bxc3 Ne4 12. Bxe4 dxe4 13. O-O f5 14. Qe2 Qd6
15. Rad1 Rad8 16. Ra1 f4 17. f3 fxe3 18. fxe4 Nxd4 19. Bxd4 Qxd4 20. Rxf8+ Rxf8
21. c3 Qxe4 22. Rd1 Qf4 23. Rf1 Qg3 0-1

[Event "Challenge"]
[Site "http://www.queenalice.com/game.php?id=197526"]
[Date "2007.4.16"]
[Round "-"]
[White "Fugazeton"]
[Black "Catao"]
[Result "0-1"]
[WhiteElo "1378"]
[BlackElo "1969"]

1. d4 d5 2. Nf3 Nf6 3. e3 Bf5 4. Nc3 e6 5. Bd3 Bxd3 6. Qxd3 Nbd7 7. O-O c5 8.
dxc5 Bxc5 9. Nd4 O-O 10. Na4 Be7 11. Nc3 a6 12. Qd1 Qc7 13. Bd2 Ne4 14. Nxe4
dxe4 15. c3 Bd6 16. g3 Nf6 17. Qe2 b5 18. b3 Ba3 19. Bc1 Qc5 20. Bd2 Rac8 21. b4
Qc4 22. Qxc4 Rxc4 23. Rfb1 Rd8 24. Rb3 Bxb4 25. cxb4 e5 26. Nf5 Rxd2 27. a4 bxa4
28. Rxa4 Rc1+ 29. Kg2 Ng4 30. Kh3 h5 31. Kh4 g6 32. Ne7+ Kg7 33. Rxa6 Rh1 34.
Kg5 Rxf2 35. b5 f6+ 36. Rxf6 Rxf6 0-1